Deutsche Städte nach Konditionen - Statistiken

Allgemein
  • Dieses Quiz wurde 172 mal gespielt
  • Das Durchschnittsergebnis liegt bei 6 aus 10
Antwortstatistiken
Frage Antwort % Korrekt
Welche Stadt trug früher einen anderen Namen als sie es heute tut? Chemnitz
100%
Welche Stadt liegt in Thüringen? Gera
95%
Welche Stadt hat eine Bevölkerung von über 1 Million innerhalb ihrer Stadtgrenze? Hamburg
95%
Welche ist eine Landeshauptstadt? Schwerin
95%
Welche Stadt hat direkten Zugang zur Nordsee? Wilhelmshaven
81%
Welche Stadt besitzt keinen internationalen Flughafen? Magdeburg
57%
Welche Stadt ist am weitesten von Coburg entfernt? Bernau
19%
Welche Stadt grenzt an ein anderes Bundesland? Kassel
14%
Kleinste Stadt, die flächenmäßig kleiner ist, als Wittstock (Dosse) München
14%
Welche Stadt wird nicht vom Rhein durchquert? Worms
10%
Keine übereinstimmenden Quizze gefunden
Verteilung der Resultate
Anzahl Personen mit jedem Resultat
Perzentil nach korrekt beantworteten Fragen
Ihre Resultats-Entwicklung
Sie haben dieses Quiz noch nicht gespielt